Statistics for Italy - Spain UEFA Euro 2016 - Round Of 16

Click here to take the quiz!

General Stats

  • This quiz has been taken 114 times
  • The average score is 19 of 30

Answer Stats

Answer% Correct
Gianluigi Buffon
100%
Leonardo Bonucci
95%
Giorgio Chiellini ¹
94%
Sergio Ramos
93%
Gérard Piqué
92%
Andrés Iniesta
91%
David De Gea
87%
Jordi Alba
87%
Sergio Busquets
86%
Andrea Barzagli
81%
Álvaro Morata
79%
Graziano Pellé ¹
71%
David Silva
69%
Daniele De Rossi
67%
Éder
64%
Lorenzo Insigne
59%
Antonio Conte
58%
Cesc Fàbregas
54%
Vicente Del Bosque
54%
Juanfran
46%
Marco Parolo
45%
Pedro
45%
Emanuele Giaccherini
40%
Mattia De Sciglio
40%
Alessandro Florenzi
39%
Nolito
39%
Matteo Darmian
36%
Lucas Vazquez
33%
Thiago Motta
29%
Aritz Aduriz
25%

Score Distribution

Percentile by Number Answered

Percent of People with Each Score

Your Score History

You have not taken this quiz